| 000 | 00774cab a2200241 4500 | ||
|---|---|---|---|
| 001 | WB3333-48 | ||
| 008 | 090401t1997 xxu||||| |||| 00| 0 eng d | ||
| 035 | _a(Sirsi) u80551 | ||
| 041 | _aeng | ||
| 245 | _aHK land auction shows strong demand | ||
| 260 | _c1997 | ||
| 350 | _a0 | ||
| 490 |
_aFinancial Times _v28 August 1997, 6(1) |
||
| 520 | _aThe first government land auction in Hong Kong since it returned to Chinese sovereignty showed a strong demand for luxury residential property and confidence in the real estate sector. | ||
| 650 | _aHONG KONG | ||
| 650 | _aHOUSING MARKET | ||
| 650 | _aLUXURY HOMES | ||
| 650 | _aRESIDENTIAL PROPERTY MARKET | ||
| 650 | _aSTOCK MARKET | ||
| 690 | _aOVERSEAS-REST OF THE WORLD | ||
| 942 | _n0 | ||
| 948 | _c28/08/1997 | ||
| 999 |
_c50711 _d50711 |
||